00768nam a22002177a 450000500170000001000150001702000260003203500140005803700090007208200140008110000260009524500900012125000060021126000400021727000440025730000200030170000320032194200250035399900190037895201530039720241010164313.0 aENG-142077 c595.00a9789393662217 aEN-125609 bDBAD a001.4224 aSaha, Indranil972619 aEssential of Biostatistics & Research Methodology/cBy Indranil Saha [and] Bobby Paul a4 c2023bAcademic PublishersaKolkatta a5A Bhawani Dutta LanebKolkattae700073 a444p.c24cm(hb) aPaul, Bobby eAuthor972618 2ddccENh001.42mSAH c206282d206282 001040708NFICaLbLd2024-10-10eDelivery of Books Act Divisiong595.00l0o001.42 SAHpEN-125609r2024-10-10 00:00:00t1v595.00w2024-10-10yEN